Estadísticas para Quiz UEFA Europa League 2020/21

Haz click aquí para intentar la prueba.

Estadísticas generales

  • Esta prueba ha sido intentada 58 veces
  • La puntuación promedio es 4 de 12

Estadísticas de respuestas

PreguntaRespuesta% Correcto
Equipo español que no participa en la fase de grupos de esta Europa LeagueSevilla
58%
Los 3 equipos de Republica Checa que estan en esta Europa LeagueSlavia Praga, Slovan Liberec, Sparta Praga
48%
Unico equipo de Polonia en estar en esta Europa LeagueLech Poznań
46%
Participa en esta Europa LeagueDinamo Zagreb
44%
Tiene un equipo en esta Europa LeagueAzerbaiyan
38%
Estuvo en la ronda preliminar de clasificacionPrishtina (Kosovo)
35%
Cuantos equipos de Bulgaria estan en esta Europa League2
31%
Unico equipo de turquia en estar en esta edicion de Europa LeagueSivasspor
29%
Los 3 equipos islandeses en la primera ronda clasificatoriaFH Hafnarfjörður, Breiðablik UBK, Vikingur
23%
Que pais no tiene un equipo en esta Europa leagueSuecia
21%
No participa en esta Europa LeagueFC Basel
19%
Equipo suizo en la primera ronda clasificatoriaServette
13%

Distribución de puntuación

Porcentaje por número respondido

Porcentaje de gente con cada puntuación

Historial de tus puntuaciones

No has intentado esta prueba.